Central Library OPAC University of Rajshahi

Fifty years of managed money : (Record no. 3246)

MARC details
000 -LEADER
fixed length control field 00819nam a22002532i 4500
001 - CONTROL NUMBER
control field 3246
003 - CONTROL NUMBER IDENTIFIER
rucl marc code BD-RjUL
005 - DATE AND TIME OF LATEST TRANSACTION
control field 20211208233712.0
008 - FIXED-LENGTH DATA ELEMENTS--GENERAL INFORMATION
fixed length control field 131218t1966 nyu b 001 0 eng d
035 ## - SYSTEM CONTROL NUMBER
System control number (BD-RjUL)3280
040 ## - CATALOGING SOURCE
Original cataloging agency MIA
Transcribing agency MIA
Modifying agency UKM
-- BD-RjUL
Language of cataloging eng
041 ## - LANGUAGE CODE
Language code of text/sound track or separate title eng
082 04 - DEWEY DECIMAL CLASSIFICATION NUMBER
Classification number 332.110973
Edition number 18
Author mark and year GRF 1966
090 ## - LOCALLY ASSIGNED LC-TYPE CALL NUMBER (OCLC); LOCAL CALL NUMBER (OCLC)
Classification number (OCLC) (R) ; Classification number, CALL (RLIN) (NR) HG2563
Local cutter number (OCLC) ; Book number/undivided call number, CALL (RLIN) .G73 1966x
100 1# - MAIN ENTRY--PERSONAL NAME
Personal name Groseclose, Elgin.
Dates associated with a name 1899-1983.
9 (RLIN) 10260
245 10 - TITLE STATEMENT
Title Fifty years of managed money :
Remainder of title the story of the Federal Reserve /
Statement of responsibility, etc. by Elgin Groseclose.
260 ## - PUBLICATION, DISTRIBUTION, ETC. (IMPRINT)
Place of publication, distribution, etc. New York ;
-- Washington :
Name of publisher, distributor, etc. Books, inc.,
Date of publication, distribution, etc. c1966.
300 ## - PHYSICAL DESCRIPTION
Pagination x, 277 p. ;
Size 25 cm.
490 0# - SERIES STATEMENT
Series statement A Spartan book
500 ## - GENERAL NOTE
General note Includes index.
504 ## - BIBLIOGRAPHY, ETC. NOTE
Bibliography, etc Bibliographical reference and index.
610 20 - SUBJECT ADDED ENTRY--CORPORATE NAME
Corporate name or jurisdiction name as entry element Board of Governors of the Federal Reserve System (U.S.)
942 ## - ADDED ENTRY ELEMENTS (KOHA)
Source of classification or shelving scheme Dewey Decimal Classification
Koha item type Books
Holdings
Lost status Source of classification or shelving scheme Damaged status Not for loan Collection code Permanent Location Current Location Shelving location Date acquired Source of acquisition Cost, normal purchase price Total Checkouts Full call number Date last seen Copy number Koha item type
  Dewey Decimal Classification   Not For Loan Non-fiction Central Library, University of Rajshahi Central Library, University of Rajshahi Reading Room 18/11/1968 Zitlinger 0.00   332.110973 GRF 1966 18/12/2013 C-1 Books